000 00438cam a22001331 4500
050 0 0 _aTA168
_b.S44
100 1 _aShearer, Jesse Lowen,
_d1921-
245 1 0 _aIntroduction to system dynamics
_c[by] J. Lowen Shearer, Arthur T. Murphy [and] Herbert H. Richardson.
260 _aReading, Mass.,
_bAddison-Wesley Pub. Co.
_c[1967]
300 _axi, 420 p.
700 1 _aMurphy, Arthur T.,
700 1 _aRichardson, Herbert H.,
942 _2lcc
_cGEN
999 _c11782
_d11782